BIBLIOTECA PODER JUDICIAL
Portal Judicial TDF

La realidad debe superar a la ficción / (Registro nro. 5732)

000 -LEADER
fixed length control field 01112nab a22002417a 4500
003 - CONTROL NUMBER IDENTIFIER
control field OSt
005 - DATE AND TIME OF LATEST TRANSACTION
control field 20260101190506.0
008 - FIXED-LENGTH DATA ELEMENTS--GENERAL INFORMATION
fixed length control field 190514b xxu||||| |||| 00| 0 spa d
040 ## - CATALOGING SOURCE
Transcribing agency PJ
100 ## - MAIN ENTRY--PERSONAL NAME
9 (RLIN) 6652
Personal name Heredia, Javier P.
245 13 - TITLE STATEMENT
Title La realidad debe superar a la ficción /
Statement of responsibility, etc Javier P. Heredia.
300 ## - PHYSICAL DESCRIPTION
Extent p. 52-59
500 ## - GENERAL NOTE
General note Cita: TR LALEY AR/DOC/3256/2024.
505 ## - FORMATTED CONTENTS NOTE
Formatted contents note Sumario: I. Introducción.— II. Pautas para determinar la cuota alimentaria.— III. Interés superior del niño. Perspectiva de niñez.— IV. Perspectiva de género.— V. Conclusión. <br/>
505 ## - FORMATTED CONTENTS NOTE
Formatted contents note Fallo comentado: CCiv. y Com., Lomas de Zamora, sala III ~ 14/05/2024 ~ D. E., P. M. c. C. S. L. s/ alimentos
650 #0 - SUBJECT ADDED ENTRY--TOPICAL TERM
9 (RLIN) 967
Topical term or geographic name as entry element DERECHO DE FAMILIA
650 #0 - SUBJECT ADDED ENTRY--TOPICAL TERM
9 (RLIN) 4097
Topical term or geographic name as entry element INTERES SUPERIOR DEL NIÑO
650 #0 - SUBJECT ADDED ENTRY--TOPICAL TERM
9 (RLIN) 4099
Topical term or geographic name as entry element CUOTA ALIMENTARIA
650 #0 - SUBJECT ADDED ENTRY--TOPICAL TERM
9 (RLIN) 4044
Topical term or geographic name as entry element PERSPECTIVA DE GÉNERO
650 #0 - SUBJECT ADDED ENTRY--TOPICAL TERM
9 (RLIN) 1057
Topical term or geographic name as entry element JURISPRUDENCIA APLICABLE
773 0# - HOST ITEM ENTRY
Host Biblionumber 2844
Host Itemnumber 3222
Place, publisher, and date of publication Buenos Aires : AbeledoPerrot, 1989-
Title Derecho de familia. Revista Interdisciplinaria de doctrina y jurisprudencia. Febrero 2025-I.
International Standard Book Number 18511201
942 ## - ADDED ENTRY ELEMENTS (KOHA)
Source of classification or shelving scheme
Koha item type Analítica Artículo de Revista

No hay ítems disponibles.

12 de Octubre 789 Ushuaia - Tel:  54(02901)441571
Horario de Atención: 8.00 a 17.00 hs. 
bibliotecaush@justierradelfuego.gov.ar
koha@justierradelfuego.gov.ar
Seguinos en nuestras redes @bibliojustdf 

Con tecnología Koha